|
|
|
|
| LEADER |
00000nam a2200000 a 4500 |
| 001 |
vtls010308483 |
| 003 |
SK-MaSNL |
| 005 |
20260425223135.0 |
| 008 |
240314s2011 xo o 000 0aslo |
| 015 |
|
|
|a SNBA2012/01-00146
|
| 020 |
|
|
|a 9788097068981
|q (viaz.)
|
| 035 |
|
|
|a 05C07341-ACE0-4A93-8360-BAEE4250B4D4
|
| 035 |
|
|
|a urn:nbn:sk:snk-amjil2
|
| 035 |
|
|
|a urn:nbn:sk:snk-am001z3y
|
| 040 |
|
|
|a SNK
|b slo
|c SNK
|e AACR2
|
| 041 |
0 |
|
|a slo
|
| 044 |
|
|
|a xo
|c SK
|
| 072 |
|
7 |
|a 929
|x Biografie
|2 konspekt
|
| 080 |
|
|
|a 37.011.3-055.2
|2 2001
|
| 080 |
|
|
|a 929
|2 2001
|
| 080 |
|
|
|a (092)
|2 2001
|
| 100 |
1 |
|
|a Benčová, Anna,
|d 1942-
|4 aut
|9 328564
|
| 245 |
1 |
0 |
|a Moje slnko už zapadá
|b memoáre o tom, akí sme boli
|c Anna Benčová
|
| 250 |
|
|
|a [1. vyd.]
|
| 260 |
|
|
|a Bratislava
|b Anna Benčová
|c 2011
|
| 300 |
|
|
|a 327 s.
|b fotogr. (čiast. fareb.)
|c 24 cm
|
| 600 |
1 |
7 |
|a Benčová, Anna,
|d 1942-
|2 SNKMA
|9 328564
|
| 650 |
0 |
7 |
|a učiteľky
|2 SNKPH
|9 58149
|
| 650 |
0 |
7 |
|a Women teachers
|2 SNKPHeng
|9 328565
|
| 651 |
|
7 |
|a Slovensko
|2 SNKPH
|9 14231
|
| 651 |
|
7 |
|a Slovakia
|2 SNKPHeng
|9 92630
|
| 655 |
|
7 |
|a autobiografie
|2 SNKPH
|9 70280
|
| 655 |
|
7 |
|a Autobiography
|2 SNKPHeng
|9 283613
|
| 919 |
|
|
|a 978-80-970689-8-1
|
| 958 |
|
|
|a BX
|
| 958 |
|
|
|a OND
|
| 968 |
|
|
|d 37
|
| 999 |
|
|
|c 577684
|d 579614
|
| 952 |
|
|
|a SNK
|b SNK
|y PREZ
|7 0
|p 17A0717214
|o snkSC 146597
|i snk2011/18299
|8 0
|0 0
|1 0
|4 0
|d 2011-09-05
|l 0
|r 2025-07-15 00:00:00
|w 2026-02-23
|
| 952 |
|
|
|a SNK
|b SNK
|y VYP
|7 0
|p 17A0717209
|o snkSC 146597 D1
|i snk2011/18300
|8 0
|0 0
|1 0
|4 0
|d 2011-09-05
|f 1
|l 0
|r 2026-02-23 14:38:56
|w 2026-02-23
|